MDQL
is popping MORE tags! Check the
thread
!
Quizzes
Events
Quiz Creation
Community
Videos
Private Events
Remove Ads
Sign In
Join for FREE
Feedback
Dark Mode
Quiz Categories
Sports
Geography
Music
Movies
Television
Just For Fun
Miscellaneous
History
Literature
Language
Science
Gaming
Entertainment
Religion
Holiday
For Kids
Quiz Lab
Recent
Popular Today
Quiz Kudos Today
Editor Picks
Curator Picks
Quizzes by...
Day
Popularity
Type
Ratings
Length
Year
Community
Subscriptions
Recent Discussions
Orange Saloon
Badges
Playlists
Quests
Create
Leaderboards
Showdown
Live 5
Trivia Bingo
Activity
Puzzle Library
Sporcle Events
Private Events
Virtual Trivia
Globe League
Become a Host
Pub Owners
SporcleCon
Opinionation
Our Games
Videos
Blog
Mobile Apps
Partnerships
Remove Ads and Go Orange
Feedback
Language
Vocabulary
Begins and Ends
Definition
Spanish
French
German
Italian
Chinese
Latin
Translation
Japanese
Language
Vocabulary
Begins and Ends
Definition
Spanish
French
German
Italian
Chinese
Latin
Translation
Japanese
Random Quiz
Search Sporcle
×
Quiz Lab
Quiz Lab
Language
French
Type in answers that appear in a list
Type in answers that appear in a list
Classic
Best Score? Go Orange.
Adjectifs irréguliers Stats
Can you name the adjectifs irréguliers?
By
Cincodemary
16m
32 Questions
20 Plays
20 Plays
20 Plays
Comments
Comments
Give Quiz Kudos
Give Quiz Kudos
-
- Ratings
hide this ad
More Info
Forced Order
Answers have to be entered in order
Answers have to be entered in order
Random Order
Randomize order of answers
Randomize order of answers
Replay
Link that replays current quiz
Next Quiz
Link to next quiz in quiz playlist
You Got
0%
They Got
Avg Score
20%
Avg Friend Score
Upgrade to see
Score Distribution
Jump to the score distribution portion of the page
Score
0/32
Timer
16:00
0
Plays Today
English
French
% Correct
brown
marron
57.9%
crazy
fou| folle
36.8%
active
actif| active
31.6%
beautiful; handsome
beau| belle
31.6%
fat
gros(se)
31.6%
kind; good
bon(ne)
26.3%
curious
curieux| curieuse
26.3%
boring
ennuyeux| ennuyeuse
26.3%
favorite
favori(te)
26.3%
jealous
jaloux| jalouse
26.3%
long
long(ue)
26.3%
new
nouveau| nouvelle
26.3%
athletic
sportif| sportive
26.3%
brave
courageux| courageuse
21.1%
nervous
nerveux| nerveuse
21.1%
old
vieux| vieille
21.1%
English
French
% Correct
sweet; soft
doux| douce
15.8%
generous
généreux| généreuse
15.8%
nice
gentil(le)
15.8%
(un)happy
(mal)heureux| (mal)heureuse
15.8%
naive
naïf| naïve
15.8%
red-
haired
roux| rousse
15.8%
serious
sérieux| sérieuse
15.8%
cruel
cruel(le)
10.5%
discreet; unassuming
discret| discrète
10.5%
proud
fier| fière
10.5%
intellectual
intellectuel(le)
10.5%
lazy
paresseux| paresseuse
10.5%
hard-
working
travailleur| travailleuse
10.5%
foreign
étranger| étrangère
5.3%
worried
inquiet| inquiète
5.3%
brown (hair)
châtain
0%
Quiz Playlist
Details
Report
Send in Message
Add To Playlist
More Info:
Must include both masculine and feminine singular form of all adjectives
Classic:
Type in answers that appear in a list
Forced Order:
Answers have to be entered in order
Random Order:
Randomize order of answers
Last Updated: Feb 16, 2017
Quiz Scoreboard
CHALLENGE
Sign Up to Join the Scoreboard
Show All
Scores
Hide
Comments
May contain spoilers
Recently Published
5x2 Blitz: Bands
by SL_Kpop136
Music
30s
Colored Red Africa Blitz
by spor1
Geography
30s
Find the 'City' Movie
by crazypaving
Movies
60s
More to Explore
Quiz From the Vault
Featured Blog Post
14 Easter Pick-up Lines to Find Eggs With
hide this ad
You Might Also Like...
Tags
French Quiz
Adjective
Today's Top Quizzes in Language
Browse Language
hide this ad
Today's Top Quizzes in French
Browse French
Top Contributed Quizzes in Language
1
What Word Starts All?
2
Arabic Numerals
3
1-10 Letter F Words III
4
1-10 Letter G Words III
5
1-10 Letter H Words III
6
1-10 Letter I Words III
7
Latihan Huruf Hiragana KA KI KU KE KO
8
Weisst du, aus welchen Sprachen diese Wörter stammen?
9
1-10 Letter J Words III
10
1-10 Letter K Words III
Explore More
Trending Topics
Crossword
Anime
Harry Potter
NBA
Marvel
Disney
Kpop
Puzzle
Song
WWE
Soccer
Pokémon
NFL
The Office
Country
hide this ad
More By:
Cincodemary
Quiz
Plays
Rating
Category
Featured
Created
Les questions
138
1.00
Language
Dec 3, 2015
Adjectifs irréguliers
20
Language
Dec 3, 2015
Imperfect of Avoir and Être
4
1.00
Language
Dec 8, 2015
Go to Creator's Profile
Score Distribution
Quiz Creator Spotlight
Cincodemary
Follow
Send a Message
Quizzes Created
-
Created Quiz Play Count
-
More By This Creator
Popular Quizzes Today
1
Colored Red Africa Blitz
2
Find the US States - No Outlines Minefield
3
Find the 'City' Movie
4
5x2 Blitz: Bands
5
The Countries of the World
6
Find the US States
7
US States
8
Find the Countries of Europe - No Outlines Minefield
More Language Quizzes
1-10 Letter O Words
Published
Trending Quizzes
Colored Red Europe Blitz I
Colored Red Europe Blitz II
Colored Red Africa Blitz II
Colored Red Europe Blitz III
Colored Red Africa Blitz III
Recently Updated
How Do You Spell That?
pecheneg
Godzilla Movies
pecheneg
Grab Bag: 4-10 Letters
pecheneg
2024 March Madness Bracket
pecheneg
Famous TV Couples
Peacemaker
Champions League XIs: Real Madrid
pecheneg
Largest US Cities 1790-2010
pecheneg
Rides in Walt Disney World
pecheneg
Most Oscar Losses (Acting)
pecheneg
Beyoncé Albums
pecheneg
Trending Topics
Crossword
Anime
NBA
Marvel
Harry Potter
Disney
Kpop
The Office
Pokémon
WWE
NFL
Country
Puzzle
Song
Soccer
Your Account Isn't Verified!
In order to create a playlist on Sporcle, you need to verify the email address you used during registration. Go to your
Sporcle Settings
to finish the process.
Report this User
Report this user for behavior that violates our
Community Guidelines
.
Details:
Send Report
Go to the Sporcle.com Mobile Site →
Comments